1842 1088 1700 1079 1053 1085 1851 1643 1886 1234 1909 1631 1349 1348 1679 1594 1084 1221 1992 1533 1741 1992 1679 1674 1362 1576 1258 1049 1692 1467 1487 1891 1744 1355 1413 1781 1507 1745 1406 1752 1326 1039 1535 1191 1486 1596 1719 1544 1598 1197 1788 1165 1750 1481 1328 1925 1559 1238 1052 1320 1087 1511 1402 1268 1954 1011 1443 1035 1086 1348 1748 1069 1236 1401 1737 1828 1638 1631 1393 1040 1364 1087 1228 1000 1639 1730 1621 1695 1106 1147 1818 1668 1313 1495 1197 1053 1588 1369 1264 BCNSPRNW ULIB Ver.6.0+V

เปลี่ยนเป็นภาษาไทย

Change to English
 แสดงรายละเอียดบรรณานุกรม
  กลับหน้าหลัก

Brief Record : Get Marc (ISO 2709) : E-mail record : QR code < ปิดหน้าต่าง
LEADER : 00000nam 2200000uu 4500
001    13399126583
003     ULIB
008    020711s2561 th a 000 0 tha d
020    ^a9786168145104
050    ^aนว^bญ116พ
100    ^aญนันทร
245    ^aเพชรกลางตะวัน ซีรีส์ชุดสี่ดรุณี/^cญนันทร
260    ^aกรุงเทพฯ :^bบางรักษ์,^c2561
300    ^a384 หน้า;^b26 ซม.
650    ^aนวนิยาย
945    ^p340^l0^i004778
999    ^aประนอม เกษจรัล
รายการนี้ยังไม่มีแท็ก
คุณยังไม่ได้ล็อกอิน คุณสามารถมีกิจกรรมร่วมกับเว็บไซต์ได้ แต่ต้องล็อกอินก่อน ::
  ล็อกอิน

รายการสื่อสารสนเทศ

ลำดับที่ ประเภท เลขเรียก/บาร์โค้ด สถานที่ สถานะ
1. นวนิยาย
นวนิยาย
นว ญ116พ ฉ.1 
  Barcode: 004778
ห้องสมุดวิทยาเขตสวรรค์ประชารักษ์
►นวนิยาย
บนชั้น
  ขอยืม

รายการใกล้เคียง
    ผู้แต่ง [ญนันทร]

    หัวเรื่อง [นวนิยาย]

BibComment


ยังไม่เคยถูกคอมเมนท์

คอมเมนท์ทรัพยากรรายการนี้
  คอมเมนท์: เพชรกลางตะวัน ซี..


 Copyright 2026. Bcnsprnw @Library